Qualitative research (Registro nro. 303460)

Detalles MARC
000 -ENCABEZADO
Número de control [NR] 01161cam a2200289 i 4500
005 - FECHA Y HORA DE LA ÚLTIMA TRANSACCIÓN
control field 20250520081857.0
008 - DE LONGITUD FIJA DE DATOS DE ELEMENTOS - INFORMACIÓN GENERAL
Elementos de longitud fija [NR] 160602s2016 xxua fr 001 0 eng d
010 ## - NUMERO DE CONTROL DE LA BIBLIOTECA DEL CONGRESO (LC) [NR]
Número de control LC [NR] 2015005272
020 ## - NUMERO INTERNACIONAL NORMALIZADO PARA LIBROS [R]
Número Internacional Normalizado del libro [NR] 9781119003618
040 ## - FUENTE DE CATALOGACION [NR]
Agencia de catalogación original [NR] CO-BoUCM
Idioma de catalogación [NR] spa
Quien Cataloga Sandra Palacio
Quien Clasifica David Moreno (modificó)
041 0# - CODIGO DE IDIOMA [R]
Código de idioma para texto/pista de sonido o título separado [R] Inglés
100 1# - ASIENTO PRINCIPAL--NOMBRE PERSONAL [NR]
Nombre personal [NR] Merriam, Sharan B.
ID Autoridad 40043
245 10 - MENCION DE TITULO [NR]
Título [NR] Qualitative research
Parte restante del título [NR] a guide to design and implementation
Mención de responsabilidad, etc. [NR] Sharan B. Merriam, Elizabeth J. Tisdell
250 ## - MENCION DE EDICION [NR]
Mención de edición [NR] 4a.Ed
260 ## - PUBLICACION, DISTRIBUCION, ETC. (PIE DE IMPRENTA) [R]
Lugar de publicación, distribución, etc. [R] San Francisco (California, Estados Unidos)
Nombre del editor, distribuidor, etc. [R] Jossey-Bass
-- A Wiley-Brand
Fecha de publicación, distribución, etc. [R] 2016
300 ## - DESCRIPCION FISICA [R]
Extensión [R] xix, 346 Páginas
Otros detalles físicos [NR] ilustraciones
490 0# - MENCION DE SERIE [R]
Mención de serie [R] The Jossey-Bass higher and adult education series
504 ## - NOTA DE BIBLIOGRAFIA, ETC. [R]
Nota de bibliografía, etc. [NR] Incluye referencias bibliográficas e índices
650 #7 - ASIENTO SECUNDARIO DE MATERIA - TERMINO TEMATICO [R]
Término temático o nombre geográfico como elemento de entrada [NR] Educación
Subdivisión general [R] Investigación
-- Metodología
9 (RLIN) 13779
650 #7 - ASIENTO SECUNDARIO DE MATERIA - TERMINO TEMATICO [R]
Término temático o nombre geográfico como elemento de entrada [NR] Educación
Subdivisión general [R] Investigación
9 (RLIN) 13779
Subdivisión de forma [R] Estudio de casos
650 #7 - ASIENTO SECUNDARIO DE MATERIA - TERMINO TEMATICO [R]
Término temático o nombre geográfico como elemento de entrada [NR] Metodo de casos
9 (RLIN) 77514
650 #7 - ASIENTO SECUNDARIO DE MATERIA - TERMINO TEMATICO [R]
Término temático o nombre geográfico como elemento de entrada [NR] Investigación cualitativa
9 (RLIN) 17981
690 ## - ASUNTO AGREGADO LOCAL DE ENTRADA - TÉRMINO TEMÁTICO (OCLC, RLIN)
Acceso temático local Educación superior
9 (RLIN) 177
700 1# - ASIENTO SECUNDARIO - NOMBRE PERSONAL [R]
Nombre personal [NR] Tisdell, Elizabeth J.
Fechas asociadas con el nombre [NR] 1955-
9 (RLIN) 77515
942 ## - ELEMENTOS DE ENTRADA AGREGADOS (KOHA)
Sistema de clasificación DEWEY
Tipo de ítem principal el descrito en 300a Libro
Tema principal Educación
Edición 1
Clasificación 001.4
Parte restante de la signatura top. Q14qr
Título oculto en OPAC No
Existencias
Fecha de último préstamo Total préstamos Total Renewals Signatura topográfica Código de barras Última vez visto Ejemplar Costo de reposición Price effective from Tipo de ítem Perdido Sistema de clasificación Dañado No prestable Tipo de ítem específico Suprimido Ubicación habitual Ubicación actual Localización Fecha de creación Proveedor Forma de adquisición Costo
05/05/2022 7 3 001.4 Q14qr 200029275 11/12/2025 Ej.1 147149.00 02/06/2016 Libro   DEWEY     Libro   Quinta de Mutis Quinta de Mutis Mezanecs 02/06/2016 15 Compra 147149.00